• 首页
  • 本馆介绍
  • 公告通知
  • 最新文献
  • 馆藏检索
  • 电子资源
  • 读者导购
  • 参考咨询
  • 我的图书馆
  • 登录
  • 详细信息显示
  • 放入我的书架
  • 预约/预借图书
  • 作者相关作品
  • 分类相关作品
  • 丛书相关作品
  • 出版社相关作品

书目信息

  • 表格格式
  • 工作单格式
  • 卡片格式
书名: Elsevier's dictionary of automobile engineering
作者:
分册号:
分册名:
出版地: Amsterdam :
 
出版社: Elsevier Scientific Pub. Co
出版时间: 1977.
页数: 639 p. ;
开本: 26cm.
丛书名:
中图分类号:
科图分类号:
其他分类号: H316
主题词:
电子资源:
000 00625nam 2200193 a 4500
001 E0740225040
005 20070302111308.84
008 001 0 eng
008 uu
040    @aNLC
049    @aN5LA
090    @aH316
096    @aU46-61 @v2
099    @dH316@ex68
245 00 @aElsevier's dictionary of automobile engineering :@bin five languages : English, German, French, Italian and Spanish
260    @aAmsterdam :@bElsevier Scientific Pub. Co.,@c1977.
300    @a639 p. ;@c26cm.
700 1  @aKondo, Kohji, @ecomp. @b00 @c20020930 @lNLC09 @h2246 @lNLC09 @h2300 @lNLC09 @h1851
852 9  @bWWJC @cJ09 @k2G @hU46-61 @iED-R
    
    Elsevier's dictionary of automobile engineering : : in five languages : English, German, French, Italian and Spanish.-Amsterdam : : Elsevier Scientific Pub. Co., , 1977.
    639 p. ; ; 26cm.
    
    
    ISBN
    
●
相关链接 在E读中查询图书 在五车中查询图书 在当当中查询图书 在豆瓣中查询图书


正题名:Elsevier's dictionary of automobile engineering     索取号:H316/x68         预约/预借

序号 登录号 条形码 馆藏地/架位号 状态 备注
1 49261   001434344   密集书库/ [索取号:H316/x68] 在馆    
唐山师范学院图书馆 欢迎您!
大连网信软件有限公司© 版权所有